[Event "Barcelona op rap"]
[Site "Barcelona"]
[Date "1996.12.14"]
[Round "2"]
[White "Weill, Roland"]
[Black "Creixans Pons, Josep Maria"]
[Result "1-0"]
[WhiteElo "2270"]
[BlackElo "2055"]
[PlyCount "41"]
[EventDate "1996.12.??"]
[EventType "swiss (rapid)"]
[EventRounds "8"]
[EventCountry "ESP"]
[SourceTitle "EXT 2001"]
[Source "ChessBase"]
[SourceDate "2000.11.22"]
[SourceVersion "1"]
[SourceVersionDate "2000.11.22"]
[SourceQuality "1"]

1. e4 Nf6 2. Nc3 d5 3. e5 Ne4 4. Nce2 f6 5. d3 Ng5 6. f4 Nf7 7. Nf3 Bg4 8. exf6 exf6 9. Ng3 Bd6 10. Be2 c5 11. 0-0 0-0 12. Nh4 Bxe2 13. Qxe2 g6 14. Qg4 Qd7 15. Ngf5 Re8 16. Nxg6 Ng5 17. fxg5 hxg6 18. gxf6 Kf7 19. Nh6+ Kf8 20. Qxg6 Re6 21. Qg8# 1-0